[Event "DVM U14 2024"]
[Site "Heidelberg GER"]
[Date "2024.12.28"]
[Round "4"]
[White "Yang, Sophie"]
[Black "Meijers, Jaroslav"]
[Result "0-1"]
[Termination "normal"]
[Board "10.3"]
[WhiteElo "1547"]
[BlackElo "1663"]
[WhiteClock "00:51:02"]
[BlackClock "00:08:32"]
[WhiteTeam "SC Viernheim 1934"]
[BlackTeam "SG Solingen"]
[PlyCount "118"]
[WhiteFideId "16279174"]
[BlackFideId "34143297"]
[EventCountry "GER"]
[EventRounds "7"]
[EventType "team-swiss"]
[EventDate "2024.12.26"]

1. d4 {[%clk 01:30:58]} {[%emt 00:00:02]} d5 {[%clk 01:30:54]} {[%emt
00:00:06]} 2. c4 {[%clk 01:31:21]} {[%emt 00:00:06]} e6 {[%clk 01:31:17]}
{[%emt 00:00:08]} 3. Nc3 {[%clk 01:31:40]} {[%emt 00:00:12]} Nf6 {[%clk
01:31:37]} {[%emt 00:00:10]} 4. cxd5 {[%clk 01:32:00]} {[%emt 00:00:10]} exd5
{[%clk 01:31:53]} {[%emt 00:00:14]} 5. Bg5 {[%clk 01:32:22]} {[%emt 00:00:08]}
Be7 {[%clk 01:32:13]} {[%emt 00:00:10]} 6. e3 {[%clk 01:32:07]} {[%emt
00:00:44]} O-O {[%clk 01:32:25]} {[%emt 00:00:17]} 7. Nf3 {[%clk 01:32:27]}
{[%emt 00:00:10]} Bf5 {[%clk 01:32:30]} {[%emt 00:00:26]} 8. Be2 {[%clk
01:31:58]} {[%emt 00:00:59]} c6 {[%clk 01:31:18]} {[%emt 00:01:42]} 9. O-O
{[%clk 01:32:15]} {[%emt 00:00:12]} h6 {[%clk 01:28:55]} {[%emt 00:02:54]} 10.
Bh4 {[%clk 01:31:52]} {[%emt 00:00:51]} Nbd7 {[%clk 01:27:39]} {[%emt
00:01:48]} 11. a3 {[%clk 01:28:31]} {[%emt 00:03:52]} Ne4 {[%clk 01:25:14]}
{[%emt 00:02:54]} 12. Bxe7 {[%clk 01:28:38]} {[%emt 00:00:23]} Qxe7 {[%clk
01:25:26]} {[%emt 00:00:18]} 13. Nd2 {[%clk 01:26:37]} {[%emt 00:02:30]} Qg5
{[%clk 01:22:47]} {[%emt 00:03:10]} 14. Nf3 {[%clk 01:24:34]} {[%emt 00:02:30]}
Qe7 {[%clk 01:10:29]} {[%emt 00:12:51]} 15. Rc1 {[%clk 01:20:23]} {[%emt
00:04:40]} a5 {[%clk 01:03:52]} {[%emt 00:07:09]} 16. Bd3 {[%clk 01:17:04]}
{[%emt 00:03:48]} Rac8 {[%clk 00:53:05]} {[%emt 00:11:15]} 17. Qc2 {[%clk
01:16:35]} {[%emt 00:00:59]} Rfe8 {[%clk 00:49:20]} {[%emt 00:04:17]} 18. Rb1
{[%clk 01:12:53]} {[%emt 00:04:11]} Ndf6 {[%clk 00:47:26]} {[%emt 00:02:25]}
19. Ne5 {[%clk 01:09:09]} {[%emt 00:04:13]} Ra8 {[%clk 00:42:43]} {[%emt
00:05:14]} 20. f3 {[%clk 01:08:09]} {[%emt 00:01:27]} Nxc3 {[%clk 00:40:58]}
{[%emt 00:02:17]} 21. Qxc3 {[%clk 01:07:28]} {[%emt 00:01:10]} Bxd3 {[%clk
00:40:04]} {[%emt 00:01:24]} 22. Qxd3 {[%clk 01:07:19]} {[%emt 00:00:39]} Nd7
{[%clk 00:32:58]} {[%emt 00:07:35]} 23. Nxd7 {[%clk 01:07:31]} {[%emt
00:00:18]} Qxd7 {[%clk 00:33:26]} {[%emt 00:00:03]} 24. b4 {[%clk 01:05:52]}
{[%emt 00:02:10]} Qe7 {[%clk 00:30:28]} {[%emt 00:03:28]} 25. Rfe1 {[%clk
01:05:59]} {[%emt 00:00:22]} axb4 {[%clk 00:29:48]} {[%emt 00:01:10]} 26. axb4
{[%clk 01:06:14]} {[%emt 00:00:15]} b6 {[%clk 00:27:51]} {[%emt 00:02:27]} 27.
Qc3 {[%clk 01:06:18]} {[%emt 00:00:26]} Rac8 {[%clk 00:27:09]} {[%emt
00:01:13]} 28. Rbc1 {[%clk 01:05:44]} {[%emt 00:01:03]} Rc7 {[%clk 00:22:21]}
{[%emt 00:05:19]} 29. b5 {[%clk 01:04:52]} {[%emt 00:01:22]} Rec8 {[%clk
00:17:23]} {[%emt 00:05:28]} 30. bxc6 {[%clk 01:01:21]} {[%emt 00:04:00]} Rxc6
{[%clk 00:17:43]} {[%emt 00:00:10]} 31. Qxc6 {[%clk 01:00:40]} {[%emt
00:01:11]} Rxc6 {[%clk 00:17:46]} {[%emt 00:00:26]} 32. Rxc6 {[%clk 01:00:55]}
{[%emt 00:00:15]} Qb4 {[%clk 00:17:38]} {[%emt 00:00:39]} 33. Rec1 {[%clk
01:00:11]} {[%emt 00:01:14]} Qd2 {[%clk 00:17:28]} {[%emt 00:00:39]} 34. R6c3
{[%clk 00:59:49]} {[%emt 00:00:49]} b5 {[%clk 00:17:40]} {[%emt 00:00:21]} 35.
h3 {[%clk 00:59:57]} {[%emt 00:00:22]} b4 {[%clk 00:17:52]} {[%emt 00:00:19]}
36. R3c2 {[%clk 01:00:19]} {[%emt 00:00:08]} Qxe3+ {[%clk 00:18:04]} {[%emt
00:00:18]} 37. Kh1 {[%clk 01:00:23]} {[%emt 00:00:25]} b3 {[%clk 00:17:31]}
{[%emt 00:01:03]} 38. Rc8+ {[%clk 01:00:29]} {[%emt 00:00:24]} Kh7 {[%clk
00:17:54]} {[%emt 00:00:07]} 39. Rb1 {[%clk 01:00:14]} {[%emt 00:00:33]} Qxd4
{[%clk 00:17:20]} {[%emt 00:01:16]} 40. Rb8 {[%clk 01:00:27]} {[%emt 00:00:17]}
Qd2 {[%clk 00:14:45]} {[%emt 00:03:05]} 41. R1xb3 {[%clk 01:00:02]} {[%emt
00:00:55]} d4 {[%clk 00:14:28]} {[%emt 00:00:47]} 42. Rb1 {[%clk 00:59:03]}
{[%emt 00:01:29]} d3 {[%clk 00:14:27]} {[%emt 00:00:31]} 43. Rg1 {[%clk
00:58:53]} {[%emt 00:00:41]} Qe2 {[%clk 00:14:34]} {[%emt 00:00:23]} 44. Rbb1
{[%clk 00:59:08]} {[%emt 00:00:15]} d2 {[%clk 00:14:54]} {[%emt 00:00:10]} 45.
Rbd1 {[%clk 00:58:47]} {[%emt 00:00:51]} g5 {[%clk 00:13:54]} {[%emt 00:01:31]}
46. Rgf1 {[%clk 00:58:29]} {[%emt 00:00:48]} f5 {[%clk 00:13:36]} {[%emt
00:00:48]} 47. Ra1 {[%clk 00:57:12]} {[%emt 00:01:47]} Kg6 {[%clk 00:13:25]}
{[%emt 00:00:41]} 48. Rfb1 {[%clk 00:56:59]} {[%emt 00:00:43]} Kh5 {[%clk
00:13:10]} {[%emt 00:00:46]} 49. Rf1 {[%clk 00:56:52]} {[%emt 00:00:36]} Kh4
{[%clk 00:11:44]} {[%emt 00:01:56]} 50. Rg1 {[%clk 00:55:53]} {[%emt 00:01:26]}
Kg3 {[%clk 00:11:00]} {[%emt 00:01:18]} 51. Rad1 {[%clk 00:55:50]} {[%emt
00:00:30]} g4 {[%clk 00:09:47]} {[%emt 00:01:46]} 52. fxg4 {[%clk 00:56:05]}
{[%emt 00:00:15]} fxg4 {[%clk 00:10:01]} {[%emt 00:00:16]} 53. Ra1 {[%clk
00:53:40]} {[%emt 00:02:54]} d1=Q {[%clk 00:06:15]} {[%emt 00:04:16]} 54. Raxd1
{[%clk 00:53:14]} gxh3 {[%clk 00:06:39]} {[%emt 00:01:02]} 55. gxh3+ {[%clk
00:53:20]} {[%emt 00:00:23]} Kxh3 {[%clk 00:07:02]} {[%emt 00:00:08]} 56. Rd3+
{[%clk 00:50:09]} {[%emt 00:03:42]} Qxd3 {[%clk 00:07:26]} {[%emt 00:00:06]}
57. Rg3+ {[%clk 00:50:26]} {[%emt 00:00:13]} Kxg3 {[%clk 00:07:48]} {[%emt
00:00:08]} 58. Kg1 {[%clk 00:50:47]} {[%emt 00:00:09]} Qe3+ {[%clk 00:08:08]}
{[%emt 00:00:10]} 59. Kh1 {[%clk 00:51:02]} {[%emt 00:00:14]} Qe1# {[%clk
00:08:32]} {[%emt 00:00:06]} 0-1